Word Ladder: A Certain Canadian Rock Band Quiz Stats

 Plays Quiz Updated Apr 16, 2019

Score 0/12 Timer 01:30
2 Plays Today
Clue 4-Letter Answer % Correct
A group of wolvesPACK
98.8%
• Santa Claus alias - Saint ____• NICK •
98.2%
ChoosePICK
97.9%
Ghostbusters's slogan - 'Who ya gonna ____?'CALL
97.4%
Rate at which one runsPACE
96.1%
Lacking colourPALE
95.1%
Male cowBULL
94.3%
• The rear side of something •• BACK •
92.3%
A cloth spread over a casketPALL
91.9%
• Selective slaughter of wild animals to control populations •• CULL •
91.2%
An illegal move by a pitcher in baseballBALK
85.2%
The greater part of somethingBULK
83.9%

Today's Daily Dose

Missing Word
Video Games (A-Z)

Get the Picture
Tom Hanks

You're not logged in!

Compare scores with friends on all Sporcle quizzes.
OR
Log In

Sporcle TV

Today on Sporcle TV


Watch our educational content, quiz creation guides, and fun videos on Sporcle TV.

Show Comments

Extras

Top Quizzes Today


Score Distribution

Your Account Isn't Verified!

In order to create a playlist on Sporcle, you need to verify the email address you used during registration. Go to your Sporcle Settings to finish the process.

Report this User

Report this user for behavior that violates our Community Guidelines.

Details: